The effects of the coastal resource management project as perceived and observed by coastal users and leaders / (Record no. 6201)

MARC details
000 -LEADER
fixed length control field 01522nam a22003257a 4500
003 - CONTROL NUMBER IDENTIFIER
control field OSt
005 - DATE AND TIME OF LATEST TRANSACTION
control field 20260601103255.0
008 - FIXED-LENGTH DATA ELEMENTS--GENERAL INFORMATION
fixed length control field 260601b |||||||| |||| 00| 0 eng d
040 ## - CATALOGING SOURCE
Original cataloging agency Foundation University Library
Language of cataloging eng
Transcribing agency Foundation University Library
Description conventions rda
050 ## - LIBRARY OF CONGRESS CALL NUMBER
Classification number GS (DocEd-Dis) LG 221 D35 G73
Item number A6 E38 A36 1998 M38
100 ## - MAIN ENTRY--PERSONAL NAME
Personal name Maturan, Alfredo G.
Relator term author
9 (RLIN) 5777
245 ## - TITLE STATEMENT
Title The effects of the coastal resource management project as perceived and observed by coastal users and leaders /<br/>
Statement of responsibility, etc. by Alfredo G. Maturan.
260 ## - PUBLICATION, DISTRIBUTION, ETC.
Place of publication, distribution, etc. Dumaguete City :
Name of publisher, distributor, etc. Foundation University,
Date of publication, distribution, etc. 1998.
264 ## - PRODUCTION, PUBLICATION, DISTRIBUTION, MANUFACTURE, AND COPYRIGHT NOTICE
Copyright Date 1998.
300 ## - PHYSICAL DESCRIPTION
Extent iv, 273 leaves :
Other physical details illustrations ;
Dimensions 28 cm
Materials specified dissertation
Type of unit leaves
336 ## - CONTENT TYPE
Materials specified rdacontent
Content type term text
Content type code txt
337 ## - MEDIA TYPE
Materials specified rdamedia
Media type term unmediated
Media type code n
338 ## - CARRIER TYPE
Materials specified GS-DocEd-Diss
Carrier type term volume
Carrier type code nc
Source rdacarrier
490 ## - SERIES STATEMENT
Series statement GS-DocEd-Diss
502 ## - DISSERTATION, THESIS NOTE
Dissertation note Graduate dissertation (Doctor of Education) -- Foundation University, 1998.
504 ## - BIBLIOGRAPHY, ETC. NOTE
Bibliography, etc. note Includes bibliographical references and appendices.<br/>
650 ## - SUBJECT ADDED ENTRY--TOPICAL TERM
Topical term or geographic name entry element Coastal zone management
9 (RLIN) 11891
650 ## - SUBJECT ADDED ENTRY--TOPICAL TERM
Topical term or geographic name entry element Marine resources conservation.
9 (RLIN) 16893
650 ## - SUBJECT ADDED ENTRY--TOPICAL TERM
Topical term or geographic name entry element Community development.
9 (RLIN) 13585
650 ## - SUBJECT ADDED ENTRY--TOPICAL TERM
Topical term or geographic name entry element Environmental management. =
9 (RLIN) 16894
650 ## - SUBJECT ADDED ENTRY--TOPICAL TERM
Topical term or geographic name entry element Fisheries$xManagement.
9 (RLIN) 16895
650 ## - SUBJECT ADDED ENTRY--TOPICAL TERM
Topical term or geographic name entry element Sustainable development.
9 (RLIN) 5988
658 ## - INDEX TERM--CURRICULUM OBJECTIVE
Main curriculum objective Dissertation Writing 2 :
Subordinate curriculum objective Industrial Engineering, Bachelor of Science in ;
Curriculum code EDD 101 .
942 ## - ADDED ENTRY ELEMENTS (KOHA)
Source of classification or shelving scheme Library of Congress Classification
Koha item type Dissertation
Suppress in OPAC No
Classification part LG 221 D35 G73
Item part A6 E38 A36 1998 M38
Call number prefix GS (DocEd-Dis)
Holdings
Withdrawn status Lost status Source of classification or shelving scheme Damaged status Not for loan Collection code Home library Current library Shelving location Date acquired Source of acquisition Total Checkouts Full call number Barcode Date last seen Price effective from Koha item type Accession Number
    Library of Congress Classification   Room Use Only Non-fiction Foundation University Library Foundation University Library Thesis, Dissertation 06/01/2026 Donated   GS (DocEd-Dis) LG 221 D35 G73 A6 E38 A36 1998 M38 0232026007005 06/01/2026 06/01/2026 Dissertation DocEd-Dis-2026005